Counting stars - One republic (All lyrics) - Statistics

General Stats
  • This quiz has been taken 133 times
    132 since last reset
  • The average score is 341 of 498
Answer Stats
% Correct
I
100%
a
98%
be
97%
be,
97%
we
97%
the
94%
The
94%
counting
92%
been,
90%
been
90%
I've
90%
I′ve
90%
stars"
90%
stars)
90%
that
89%
thing
86%
could
85%
"No
83%
sleep
82%
losing
80%
And
78%
and
78%
And,
78%
You
78%
you
78%
about
77%
things
77%
what
77%
Dreaming
76%
but
75%
it
74%
Lately,
74%
feel
73%
I′m
73%
I'm
73%
so
70%
baby,
69%
not
69%
hard
68%
is
68%
me
68%
Old,
68%
old
68%
think
68%
Young,
68%
more
67%
we'll
67%
we′ll
67%
(we′ll
67%
every
64%
don`t
63%
in
63%
Make
61%
doing
60%
Doing
60%
right
60%
wrong
60%
bold
59%
dollars,
59%
world
59%
we're
58%
praying
57%
alive
56%
makes
56%
told
56%
just
53%
Just
53%
kills
53%
Said,
53%
something
53%
my
52%
see
52%
Everything
51%
this
51%
burn
50%
money,
49%
watch
49%
across
47%
lie,
47%
lie
47%
like
47%
sold
47%
Swing
47%
line
45%
heart
44%
couldn't
43%
swinging
43%
ye
43%
vine
42%
life,
41%
out
39%
take
38%
Take
38%
face
34%
flashing
34%
(oh,
34%
oh)
34%
find
33%
Seek
33%
shall
31%
river,
30%
river
30%
signs
30%
learned
28%
yeah
28%
lessons
27%
your
26%
drowns
24%
love,
23%
On
23%
wanna
22%
word
22%
Down
20%
fly
20%
Hope
20%
turn
17%
Sink
16%
four-letter
14%
our
11%
Oh-oh,
2%
ho-oh)
0%
(whoa-oh)
0%
(woo)
0%
(woo,
0%
No matching quizzes found
Score Distribution
Percent of People with Each Score
Percentile by Number Answered
Your Score History
You have not taken this quiz since the last reset